| 000 | 01666nam a2200337Ia 4500 | ||
|---|---|---|---|
| 001 | 9842 | ||
| 003 | IT-RoPAU | ||
| 008 | 130308s9999 xx 000 0 und d | ||
| 040 | _aIT-RoPAU | ||
| 040 | _cIT-RoPAU | ||
| 041 | _aFRANCESE | ||
| 100 | _aRicoeur Paul | ||
| 100 | _gCodice Aut. SPICS: 2052 | ||
| 242 | _aMETAFORA viva (LA)-DALLA RETORICA ALLA POETICA: PER UN LINGUAGGIO DI RIVELAZIONE | ||
| 242 | _nCod. Traduzione Titolo: 42648 | ||
| 242 | _yITA | ||
| 245 | _aMetaphore vive (La) | ||
| 245 | _bMetaphore Vive (La) | ||
| 250 | _a1a ed. | ||
| 260 | _aPARIS | ||
| 260 | _bSeuil | ||
| 260 | _c1975 [1° Ed.:1975 - Ed.Ling.Originale:1975] | ||
| 300 | _a"414 p. (prefazione: no ; testo: 414)" | ||
| 500 | _aTra Retorica e Poetica Aristotele Enigma Metafora e Similitudine Luogo Retorico e Luogo Poetico Declino della Retorica Tropologia Fontanier Primato dell'idea e della Parola Tropo e Figura Metonimia Sineddoche Metafora e Semantica del Discorso Semantica e Semiotica Grammatica Logica e Semantica Critica Letteraria e Semantica Metafora e Semantica della Parola Monismo del Segno Logica e Linguistica della Denominazione Metafora e Postulati Saussuriani Scarto e grado Retorico Zero Spazio della Figura Analisi Semica Lavoro della somiglianza sostituzione e somiglianza momento iconico della Metafora Icona e immagine Metafora e referenza Denotazione Generalizzata Modello e Metafora Metafora e Discorso Filosofico Meta Forica e Meta Fisica Esplicitazione Ontologica del Postulato della Referenza | ||
| 650 | _aLINGUISTICA | ||
| 650 | _eCodice materia Spics: 3201 | ||
| 942 | _cBK | ||
| 957 | _71 | ||
| 999 |
_c65614 _d65614 |
||
| 999 | _bSI | ||
| 999 | _g1 | ||